| 000 | 00637nmm a2200229Ia 4500 | ||
|---|---|---|---|
| 008 | 251105s9999||||xx |||||||||||||||||und|| | ||
| 020 | _a958060651X | ||
| 041 | _aspa | ||
| 100 | _aArida, Persio | ||
| 245 | 0 | _aInflación cero | |
| 264 |
_a[Bogotá, Colombia] : _bOveja Negra, _c1986 |
||
| 300 | _a203 páginas | ||
| 490 | _aColección económica | ||
| 650 | _aEconomics and Business | ||
| 700 | _aArida, Persio | ||
| 700 | 1 | _a Lara-Resende, Andre | |
| 700 | 1 | _a Rozenwurcel, Guillermo | |
| 700 | 1 | _a Bruno, Michael | |
| 700 | 1 | _a Schuldt, Jürgen | |
| 856 | _uhttps://public.digitaliapublishing.com/a/30117 | ||
| 942 | _cCF | ||
| 999 |
_c62105 _d62105 |
||